| 000 | 00401nam a22001337a 4500 | ||
|---|---|---|---|
| 005 | 20250901165809.0 | ||
| 008 | 250320b |||||||| |||| 00| 0 eng d | ||
| 020 | _a97899664783996 | ||
| 050 | _aPR9408.9 .N48 2014 | ||
| 245 |
_aThe Last will _c[Text by] Patrick Ngugi and [Illustrations by] Justus Mugo Wwaweru |
||
| 260 |
_aNairobi: _bPhoenix, _c2014. |
||
| 300 |
_a144 p.: _bill.: _c18 cm. |
||
| 942 | _2lcc | ||
| 999 |
_c9346 _d9346 |
||